| 000 | 00476nam a2200169 a 4500 | ||
|---|---|---|---|
| 001 | 746 | ||
| 003 | CDMR | ||
| 005 | 20130923175306.0 | ||
| 008 | 130130s1986||||||||||||||||||||||||||||d | ||
| 020 | _a8486153492 | ||
| 040 |
_aCDMR _bcat _cCPC GIRONA |
||
| 100 | 1 |
_aClaudín, Víctor _9576 |
|
| 245 | 1 | 0 |
_aDiccionario general de la comunicación _cVíctor Claudín, Héctor Anabitarte |
| 260 |
_c1986 _bMitre _aBarcelona |
||
| 650 | 0 | 4 |
_93463 _aComunicació _xDiccionaris |
| 942 |
_cMON _2udc |
||
| 999 |
_c746 _d746 |
||